Palau de la Generalitat / [texto: I. Clopas Batlle] I. Clopas Batlle]
Descripción Física:
[7] p. : il. col. ; 23 cm
MARC
| LEADER | 00000nam a2200000Ia 4500 | ||
|---|---|---|---|
| 001 | 14915 | ||
| 003 | BGR | ||
| 005 | 20260324175734.0 | ||
| 008 | 160829s9999 xx 000 0 cat d | ||
| 080 | |a FU-32-24 | ||
| 100 | 1 | |a Clopas i Batlle, Isidre, |d 1913-2001 |9 24339 | |
| 245 | |a Palau de la Generalitat / [texto: |b I. Clopas Batlle] | ||
| 250 | |a Ed. en castellano | ||
| 260 | |a [Barcelona] : |b Servicio de Turismo de la Diputación de Barcelona, [198 - ?] | ||
| 300 | |a [7] p. : |b il. col. ; |c 23 cm | ||
| 610 | 2 | 0 | |a Palau de la Generalitat de Catalunya |x Història |9 54640 |
| 650 | |a Palau de la Generalitat de Catalunya |x Edificis |9 32790 | ||
| 710 | 1 | |a Barcelona (Catalunya : Província). |b Diputació |b Servei de Turisme |9 52408 | |
| 901 | |a Arxiu | ||
| 942 | |n 1 |2 udc |c MON | ||
| 952 | |0 0 |1 0 |4 0 |6 FU3224 |7 1 |9 49113 |a Arxiu |b Arxiu |d 2016-12-01 |l 0 |o FU-32-24 |p 14915 |r 2016-12-01 00:00:00 |w 2016-12-01 |y ARXIU | ||
| 999 | |c 52950 |d 52950 | ||